000 00244nam a2200097Ia 4500
001 1250604
005 20251031150859.0
008 251031s9999 xx 000 0 und d
245 0 _cMUSTAFA KUTLU
_aD-1 TUFANDAN ÖNCE
260 _bDERGAH YAYINLARI
999 _c1250604
_d1250604